[Event "Grand Swiss "]
[Date "2025.09.14"]
[White "Sargissian, Gabriel"]
[Black "Jobava, Baadur"]
[WhiteElo "2626"]
[BlackElo "2590"]
[Round "9.9.52"]
[Result "1-0"]

1. d4 {[%clk 01:40:57] [%emt 00:00:02]} d5 {[%clk 01:40:37] [%emt 00:00:23]} 2.
c4 {[%clk 01:41:04] [%emt 00:00:23]} dxc4 {[%clk 01:40:22] [%emt 00:00:44]} 3.
Nf3 {[%clk 01:40:05] [%emt 00:01:29]} Nf6 {[%clk 01:40:24] [%emt 00:00:29]} 4.
e3 {[%clk 01:39:29] [%emt 00:01:06]} Bg4 {[%clk 01:40:15] [%emt 00:00:39]} 5.
Bxc4 {[%clk 01:39:12] [%emt 00:00:47]} e6 {[%clk 01:40:37] [%emt 00:00:08]} 6.
Nc3 {[%clk 01:39:06] [%emt 00:00:35]} Nc6 {[%clk 01:40:29] [%emt 00:00:39]} 7.
h3 {[%clk 01:38:57] [%emt 00:00:39]} Bh5 {[%clk 01:40:53] [%emt 00:00:06]} 8.
O-O {[%clk 01:38:58] [%emt 00:00:28]} Bd6 {[%clk 01:41:03] [%emt 00:00:20]} 9.
Re1 {[%clk 01:39:03] [%emt 00:00:25]} Nd7 {[%clk 01:36:41] [%emt 00:04:53]} 10.
Bf1 {[%clk 01:38:10] [%emt 00:01:23]} O-O {[%clk 00:50:18] [%emt 00:46:54]} 11.
g4 {[%clk 01:36:58] [%emt 00:01:41]} Bg6 {[%clk 00:47:01] [%emt 00:03:47]} 12.
e4 {[%clk 01:37:21] [%emt 00:00:07]} e5 {[%clk 00:43:56] [%emt 00:03:36]} 13. d5
{[%clk 01:28:49] [%emt 00:09:02]} Ne7 {[%clk 00:44:20] [%emt 00:00:05]} 14. Be3
{[%clk 01:25:54] [%emt 00:03:24]} Nc8 {[%clk 00:39:19] [%emt 00:05:33]} 15. Rc1
{[%clk 01:19:46] [%emt 00:06:37]} a6 {[%clk 00:34:50] [%emt 00:04:59]} 16. Nd2
{[%clk 01:13:56] [%emt 00:06:19]} Be7 {[%clk 00:32:54] [%emt 00:02:26]} 17. Qf3
{[%clk 01:05:06] [%emt 00:09:20]} Nd6 {[%clk 00:30:38] [%emt 00:02:46]} 18. Ne2
{[%clk 01:05:08] [%emt 00:00:27]} Bg5 {[%clk 00:26:39] [%emt 00:04:30]} 19. Ng3
{[%clk 01:01:18] [%emt 00:04:20]} Rc8 {[%clk 00:25:44] [%emt 00:01:25]} 20. Rc3
{[%clk 00:58:08] [%emt 00:03:40]} Nb8 {[%clk 00:16:56] [%emt 00:09:19]} 21. Bxg5
{[%clk 00:53:59] [%emt 00:04:38]} Qxg5 {[%clk 00:17:21] [%emt 00:00:06]} 22. Qe3
{[%clk 00:53:58] [%emt 00:00:30]} Qxe3 {[%clk 00:15:40] [%emt 00:02:11]} 23.
Rexe3 {[%clk 00:39:17] [%emt 00:15:11]} c6 {[%clk 00:14:18] [%emt 00:01:52]} 24.
Nf5 {[%clk 00:36:16] [%emt 00:03:31]} Bxf5 {[%clk 00:14:44] [%emt 00:00:05]} 25.
exf5 {[%clk 00:36:33] [%emt 00:00:13]} f6 {[%clk 00:11:14] [%emt 00:04:00]} 26.
Bg2 {[%clk 00:35:07] [%emt 00:01:56]} Rfd8 {[%clk 00:07:24] [%emt 00:04:20]} 27.
Nb3 {[%clk 00:31:59] [%emt 00:03:38]} Nb5 {[%clk 00:05:55] [%emt 00:02:00]} 28.
Rc1 {[%clk 00:30:00] [%emt 00:02:27]} Kf8 {[%clk 00:05:45] [%emt 00:00:41]} 29.
Nc5 {[%clk 00:22:40] [%emt 00:07:50]} Nd4 {[%clk 00:06:06] [%emt 00:00:09]} 30.
Nxb7 {[%clk 00:17:45] [%emt 00:05:25]} cxd5 {[%clk 00:06:32] [%emt 00:00:04]}
31. Rcc3 {[%clk 00:17:56] [%emt 00:00:19]} 1-0

[Site "Europe Echecs"]

[Event "Grand Swiss "]
[Date "2025.09.14"]
[White "Yuffa, Daniil"]
[Black "Wagner, Dennis"]
[WhiteElo "2648"]
[BlackElo "2608"]
[Round "9.9.53"]
[Result "1/2-1/2"]

1. c4 {[%clk 01:40:53] [%emt 00:00:06]} Nf6 {[%clk 01:40:47] [%emt 00:00:12]} 2.
Nf3 {[%clk 01:40:38] [%emt 00:00:46]} e6 {[%clk 01:41:04] [%emt 00:00:13]} 3. g3
{[%clk 01:40:59] [%emt 00:00:09]} d5 {[%clk 01:41:24] [%emt 00:00:09]} 4. Bg2
{[%clk 01:41:24] [%emt 00:00:06]} Be7 {[%clk 01:41:20] [%emt 00:00:33]} 5. O-O
{[%clk 01:41:43] [%emt 00:00:11]} O-O {[%clk 01:41:43] [%emt 00:00:07]} 6. b3
{[%clk 01:42:08] [%emt 00:00:06]} c5 {[%clk 01:41:56] [%emt 00:00:16]} 7. Bb2
{[%clk 01:41:57] [%emt 00:00:42]} Nc6 {[%clk 01:39:14] [%emt 00:03:11]} 8. cxd5
{[%clk 01:42:12] [%emt 00:00:16]} Nxd5 {[%clk 01:39:21] [%emt 00:00:23]} 9. d4
{[%clk 01:42:36] [%emt 00:00:06]} cxd4 {[%clk 01:39:16] [%emt 00:00:35]} 10.
Nxd4 {[%clk 01:43:02] [%emt 00:00:04]} Nxd4 {[%clk 01:39:33] [%emt 00:00:13]}
11. Qxd4 {[%clk 01:43:23] [%emt 00:00:10]} Bf6 {[%clk 01:39:56] [%emt 00:00:06]}
12. Qd2 {[%clk 01:43:45] [%emt 00:00:07]} Nf4 {[%clk 01:39:43] [%emt 00:00:44]}
13. gxf4 {[%clk 01:37:23] [%emt 00:06:53]} Qxd2 {[%clk 01:40:05] [%emt
00:00:07]} 14. Nxd2 {[%clk 01:37:51] [%emt 00:00:02]} Bxb2 {[%clk 01:40:26]
[%emt 00:00:09]} 15. Rad1 {[%clk 01:37:53] [%emt 00:00:28]} Rb8 {[%clk 01:40:24]
[%emt 00:00:32]} 16. Nc4 {[%clk 01:35:51] [%emt 00:02:33]} Bf6 {[%clk 01:40:40]
[%emt 00:00:13]} 17. Ne5 {[%clk 01:34:06] [%emt 00:02:15]} Rd8 {[%clk 01:34:42]
[%emt 00:06:28]} 18. Rxd8+ {[%clk 01:29:17] [%emt 00:05:19]} Bxd8 {[%clk
01:35:10] [%emt 00:00:02]} 19. Rd1 {[%clk 01:27:55] [%emt 00:01:53]} Be7 {[%clk
01:26:45] [%emt 00:08:56]} 20. Nd7 {[%clk 01:18:13] [%emt 00:10:12]} Bxd7 {[%clk
01:27:07] [%emt 00:00:08]} 21. Rxd7 {[%clk 01:18:38] [%emt 00:00:05]} Kf8 {[%clk
01:27:22] [%emt 00:00:14]} 22. Bxb7 {[%clk 01:17:26] [%emt 00:01:43]} Rd8 {[%clk
01:23:22] [%emt 00:04:29]} 23. Rc7 {[%clk 01:17:29] [%emt 00:00:26]} a5 {[%clk
01:23:04] [%emt 00:00:49]} 24. Ba6 {[%clk 00:47:53] [%emt 00:30:07]} Bd6 {[%clk
01:03:47] [%emt 00:19:46]} 25. Rc4 {[%clk 00:47:47] [%emt 00:00:36]} Bb4 {[%clk
01:02:48] [%emt 00:01:28]} 26. Kg2 {[%clk 00:41:40] [%emt 00:06:38]} g6 {[%clk
01:00:40] [%emt 00:02:38]} 27. Kf3 {[%clk 00:39:38] [%emt 00:02:33]} Rd2 {[%clk
00:59:45] [%emt 00:01:23]} 28. a4 {[%clk 00:38:07] [%emt 00:02:02]} Rd1 {[%clk
00:52:37] [%emt 00:07:38]} 29. Rc8+ {[%clk 00:34:52] [%emt 00:03:45]} Kg7 {[%clk
00:53:00] [%emt 00:00:07]} 30. Bd3 {[%clk 00:32:51] [%emt 00:02:31]} Rh1 {[%clk
00:51:00] [%emt 00:02:30]} 31. Kg2 {[%clk 00:33:08] [%emt 00:00:14]} Rd1 {[%clk
00:50:51] [%emt 00:00:38]} 32. Rb8 {[%clk 00:31:26] [%emt 00:02:11]} Bc3 {[%clk
00:48:35] [%emt 00:02:46]} 33. Rb7 {[%clk 00:29:27] [%emt 00:02:30]} Kf8 {[%clk
00:47:35] [%emt 00:01:29]} 34. Bc4 {[%clk 00:27:05] [%emt 00:02:53]} Re1 {[%clk
00:40:03] [%emt 00:08:02]} 35. Rd7 {[%clk 00:26:31] [%emt 00:01:05]} Bb4 {[%clk
00:40:07] [%emt 00:00:25]} 36. Rb7 {[%clk 00:22:34] [%emt 00:04:27]} Bc3 {[%clk
00:34:39] [%emt 00:05:58]} 37. Rb5 {[%clk 00:22:14] [%emt 00:00:50]} Bb4 {[%clk
00:25:23] [%emt 00:09:45]} 38. Bd3 {[%clk 00:19:04] [%emt 00:03:41]} Rd1 {[%clk
00:25:22] [%emt 00:00:31]} 39. Kf3 {[%clk 00:17:36] [%emt 00:01:58]} Bc3 {[%clk
00:19:32] [%emt 00:06:20]} 40. Rb8+ {[%clk 00:16:07] [%emt 00:01:59]} Kg7 {[%clk
00:19:46] [%emt 00:00:16]} 41. Rc8 {[%clk 00:15:52] [%emt 00:00:46]} Bb4 {[%clk
00:19:55] [%emt 00:00:20]} 42. Rc4 {[%clk 00:15:06] [%emt 00:01:16]} Bd6 {[%clk
00:05:17] [%emt 00:15:08]} 43. Bc2 {[%clk 00:12:04] [%emt 00:03:32]} Rh1 {[%clk
00:02:45] [%emt 00:03:02]} 44. Kg2 {[%clk 00:11:56] [%emt 00:00:38]} Rc1 {[%clk
00:01:26] [%emt 00:01:48]} 45. e3 {[%clk 00:12:00] [%emt 00:00:27]} Ba3 {[%clk
00:39:42] [%emt 00:12:13]} 46. Kf3 {[%clk 01:01:01] [%emt 00:01:29]} 1/2-1/2

[Site "Europe Echecs"]

[Event "Grand Swiss "]
[Date "2025.09.14"]
[White "Warmerdam, Max"]
[Black "Martirosyan, Haik M."]
[WhiteElo "2591"]
[BlackElo "2628"]
[Round "9.9.54"]
[Result "1/2-1/2"]

1. d4 {[%clk 01:40:56] [%emt 00:00:03]} Nf6 {[%clk 01:40:46] [%emt 00:00:15]} 2.
Bf4 {[%clk 01:41:19] [%emt 00:00:06]} d5 {[%clk 01:39:49] [%emt 00:01:28]} 3. e3
{[%clk 01:41:43] [%emt 00:00:06]} Bf5 {[%clk 01:37:53] [%emt 00:02:26]} 4. Bd3
{[%clk 01:40:28] [%emt 00:01:45]} Bxd3 {[%clk 01:36:04] [%emt 00:02:19]} 5. cxd3
{[%clk 01:40:37] [%emt 00:00:20]} e6 {[%clk 01:34:48] [%emt 00:01:46]} 6. Qb3
{[%clk 01:41:01] [%emt 00:00:06]} b6 {[%clk 01:33:03] [%emt 00:02:16]} 7. Nc3
{[%clk 01:39:37] [%emt 00:01:53]} Bd6 {[%clk 01:31:51] [%emt 00:01:42]} 8. Bxd6
{[%clk 01:31:45] [%emt 00:08:23]} Qxd6 {[%clk 01:29:27] [%emt 00:02:53]} 9. Nf3
{[%clk 01:19:40] [%emt 00:12:35]} O-O {[%clk 01:25:44] [%emt 00:04:12]} 10. Rc1
{[%clk 01:07:13] [%emt 00:12:56]} c6 {[%clk 01:17:46] [%emt 00:08:29]} 11. O-O
{[%clk 01:02:26] [%emt 00:05:17]} Nbd7 {[%clk 01:15:06] [%emt 00:03:09]} 12. e4
{[%clk 01:02:24] [%emt 00:00:32]} Qb8 {[%clk 01:06:01] [%emt 00:09:36]} 13. e5
{[%clk 00:38:55] [%emt 00:23:59]} Ng4 {[%clk 01:02:32] [%emt 00:03:59]} 14. Na4
{[%clk 00:36:45] [%emt 00:02:40]} Rc8 {[%clk 00:57:25] [%emt 00:05:37]} 15. Rc2
{[%clk 00:34:01] [%emt 00:03:14]} Rc7 {[%clk 00:56:13] [%emt 00:01:42]} 16. Rfc1
{[%clk 00:32:42] [%emt 00:01:49]} Qb7 {[%clk 00:55:45] [%emt 00:00:58]} 17. h3
{[%clk 00:26:29] [%emt 00:06:43]} Nh6 {[%clk 00:55:36] [%emt 00:00:39]} 18. Qb4
{[%clk 00:26:50] [%emt 00:00:09]} Rac8 {[%clk 00:53:16] [%emt 00:02:50]} 19. b3
{[%clk 00:27:15] [%emt 00:00:05]} Nf5 {[%clk 00:50:09] [%emt 00:03:37]} 20. Kh1
{[%clk 00:24:55] [%emt 00:02:50]} a5 {[%clk 00:47:07] [%emt 00:03:32]} 21. Qd2
{[%clk 00:24:45] [%emt 00:00:39]} Qa7 {[%clk 00:43:09] [%emt 00:04:28]} 22. Nc3
{[%clk 00:19:36] [%emt 00:05:40]} b5 {[%clk 00:39:36] [%emt 00:04:02]} 23. g4
{[%clk 00:19:23] [%emt 00:00:42]} Ne7 {[%clk 00:37:57] [%emt 00:02:10]} 24. a3
{[%clk 00:19:49] [%emt 00:00:04]} b4 {[%clk 00:32:53] [%emt 00:05:34]} 25. axb4
{[%clk 00:19:49] [%emt 00:00:30]} axb4 {[%clk 00:33:17] [%emt 00:00:05]} 26. Na4
{[%clk 00:20:15] [%emt 00:00:03]} Qb7 {[%clk 00:32:33] [%emt 00:01:14]} 27. Kh2
{[%clk 00:19:22] [%emt 00:01:23]} Rf8 {[%clk 00:29:05] [%emt 00:03:58]} 28. Qe3
{[%clk 00:18:31] [%emt 00:01:21]} Qb8 {[%clk 00:28:08] [%emt 00:01:27]} 29. Kg2
{[%clk 00:15:51] [%emt 00:03:10]} Rcc8 {[%clk 00:26:15] [%emt 00:02:24]} 30. Nh4
{[%clk 00:12:39] [%emt 00:03:41]} f6 {[%clk 00:23:23] [%emt 00:03:22]} 31. f4
{[%clk 00:10:29] [%emt 00:02:40]} fxe5 {[%clk 00:23:16] [%emt 00:00:37]} 32.
fxe5 {[%clk 00:10:15] [%emt 00:00:43]} Rf7 {[%clk 00:20:59] [%emt 00:02:48]} 33.
Rf2 {[%clk 00:10:25] [%emt 00:00:20]} Rxf2+ {[%clk 00:20:23] [%emt 00:01:06]}
34. Kxf2 {[%clk 00:10:49] [%emt 00:00:06]} Rf8+ {[%clk 00:14:37] [%emt
00:06:16]} 35. Ke2 {[%clk 00:10:28] [%emt 00:00:51]} h6 {[%clk 00:12:03] [%emt
00:03:03]} 36. Nf3 {[%clk 00:08:55] [%emt 00:02:04]} Qa7 {[%clk 00:09:17] [%emt
00:03:16]} 37. Kd2 {[%clk 00:08:11] [%emt 00:01:15]} Qa8 {[%clk 00:07:52] [%emt
00:01:55]} 38. Rc2 {[%clk 00:06:16] [%emt 00:02:24]} Rf7 {[%clk 00:06:42] [%emt
00:01:40]} 39. Ke1 {[%clk 00:01:50] [%emt 00:04:56]} c5 {[%clk 00:03:29] [%emt
00:03:44]} 40. Nxc5 {[%clk 00:01:16] [%emt 00:01:04]} Nxc5 {[%clk 00:02:07]
[%emt 00:01:51]} 41. Rxc5 {[%clk 00:39:13] [%emt 00:12:33]} Qa2 {[%clk 00:49:09]
[%emt 00:03:28]} 42. Qd2 {[%clk 00:33:11] [%emt 00:06:32]} Qxb3 {[%clk 00:48:21]
[%emt 00:01:18]} 43. Kf2 {[%clk 00:33:36] [%emt 00:00:05]} Ng6 {[%clk 00:44:19]
[%emt 00:04:33]} 44. Kg3 {[%clk 00:32:36] [%emt 00:01:30]} Nf4 {[%clk 00:44:16]
[%emt 00:00:33]} 45. Qc2 {[%clk 00:25:23] [%emt 00:07:44]} Qxd3 {[%clk 00:36:25]
[%emt 00:08:20]} 46. Qxd3 {[%clk 00:24:25] [%emt 00:01:28]} Nxd3 {[%clk
00:36:51] [%emt 00:00:05]} 47. Rb5 {[%clk 00:24:24] [%emt 00:00:31]} Rc7 {[%clk
00:33:15] [%emt 00:04:05]} 48. g5 {[%clk 00:24:21] [%emt 00:00:33]} Kf7 {[%clk
00:27:31] [%emt 00:06:14]} 49. Kg4 {[%clk 00:19:52] [%emt 00:04:59]} Rc3 {[%clk
00:20:09] [%emt 00:07:53]} 50. Rb7+ {[%clk 00:18:51] [%emt 00:01:30]} Ke8 {[%clk
00:20:03] [%emt 00:00:36]} 51. g6 {[%clk 00:08:16] [%emt 00:11:06]} Nf2+ {[%clk
00:14:34] [%emt 00:05:59]} 52. Kg3 {[%clk 00:08:38] [%emt 00:00:08]} Ne4+ {[%clk
00:07:06] [%emt 00:07:59]} 53. Kf4 {[%clk 00:09:03] [%emt 00:00:04]} b3 {[%clk
00:07:27] [%emt 00:00:10]} 54. h4 {[%clk 00:09:05] [%emt 00:00:28]} Rd3 {[%clk
00:04:25] [%emt 00:03:32]} 55. Rxg7 {[%clk 00:07:20] [%emt 00:02:14]} Nd2 {[%clk
00:02:14] [%emt 00:02:42]} 56. Nxd2 {[%clk 00:06:53] [%emt 00:00:57]} Rxd2
{[%clk 00:02:43]} 57. Kg4 {[%clk 00:04:21] [%emt 00:03:01]} Rxd4+ {[%clk
00:02:02] [%emt 00:01:12]} 58. Kh5 {[%clk 00:04:47] [%emt 00:00:04]} Rb4 {[%clk
00:00:40] [%emt 00:01:52]} 59. Ra7 {[%clk 00:03:48] [%emt 00:01:28]} Kf8 {[%clk
00:00:41] [%emt 00:00:30]} 60. Ra8+ {[%clk 00:02:39] [%emt 00:01:39]} Kg7 {[%clk
00:00:59] [%emt 00:00:12]} 61. Ra7+ {[%clk 00:02:20] [%emt 00:00:50]} Kg8 {[%clk
00:15:15] [%emt 00:01:13]} 62. Ra8+ {[%clk 00:15:16] [%emt 00:02:34]} Kg7 {[%clk
00:15:44] [%emt 00:00:01]} 63. Ra7+ {[%clk 00:15:40] [%emt 00:00:06]} Kg8 {[%clk
00:16:11] [%emt 00:00:04]} 64. Ra8+ {[%clk 00:16:07] [%emt 00:00:03]} Kg7 {[%clk
00:16:36] [%emt 00:00:04]} 1/2-1/2

[Site "Europe Echecs"]

[Event "Grand Swiss "]
[Date "2025.09.14"]
[White "Suyarov, Mukhammadzokhid"]
[Black "Muradli, Mahammad"]
[WhiteElo "2482"]
[BlackElo "2590"]
[Round "9.9.55"]
[Result "0-1"]

1. c4 {[%clk 01:40:50] [%emt 00:00:09]} e6 {[%clk 01:40:27] [%emt 00:00:33]} 2.
Nc3 {[%clk 01:40:45] [%emt 00:00:35]} d5 {[%clk 01:40:44] [%emt 00:00:13]} 3. d4
{[%clk 01:41:02] [%emt 00:00:12]} Nf6 {[%clk 01:40:23] [%emt 00:00:52]} 4. Nf3
{[%clk 01:40:48] [%emt 00:00:44]} c5 {[%clk 01:38:52] [%emt 00:02:01]} 5. cxd5
{[%clk 01:40:18] [%emt 00:01:00]} Nxd5 {[%clk 01:39:11] [%emt 00:00:11]} 6. e4
{[%clk 01:38:29] [%emt 00:02:20]} Nxc3 {[%clk 01:39:37] [%emt 00:00:05]} 7. bxc3
{[%clk 01:38:54] [%emt 00:00:05]} cxd4 {[%clk 01:39:59] [%emt 00:00:07]} 8. cxd4
{[%clk 01:39:17] [%emt 00:00:06]} Bb4+ {[%clk 01:40:23] [%emt 00:00:06]} 9. Bd2
{[%clk 01:39:42] [%emt 00:00:05]} Bxd2+ {[%clk 01:40:47] [%emt 00:00:06]} 10.
Qxd2 {[%clk 01:40:07] [%emt 00:00:05]} O-O {[%clk 01:41:08] [%emt 00:00:09]} 11.
Rc1 {[%clk 01:38:09] [%emt 00:02:28]} b6 {[%clk 01:34:14] [%emt 00:07:24]} 12.
Bd3 {[%clk 01:30:00] [%emt 00:08:38]} Bb7 {[%clk 01:33:20] [%emt 00:01:25]} 13.
O-O {[%clk 01:29:50] [%emt 00:00:39]} Nd7 {[%clk 01:33:34] [%emt 00:00:17]} 14.
Qf4 {[%clk 01:17:56] [%emt 00:12:22]} h6 {[%clk 01:28:25] [%emt 00:05:40]} 15.
h4 {[%clk 01:11:27] [%emt 00:06:59]} Rb8 {[%clk 01:22:40] [%emt 00:06:16]} 16.
g4 {[%clk 01:08:00] [%emt 00:03:57]} Qf6 {[%clk 01:07:39] [%emt 00:15:30]} 17.
Qg3 {[%clk 00:53:36] [%emt 00:14:54]} Rfc8 {[%clk 00:59:45] [%emt 00:08:25]} 18.
Kg2 {[%clk 00:44:03] [%emt 00:10:04]} Qd8 {[%clk 00:53:05] [%emt 00:07:09]} 19.
g5 {[%clk 00:37:16] [%emt 00:07:16]} hxg5 {[%clk 00:51:31] [%emt 00:02:05]} 20.
hxg5 {[%clk 00:30:53] [%emt 00:06:52]} Nf8 {[%clk 00:51:09] [%emt 00:00:53]} 21.
Ne5 {[%clk 00:26:10] [%emt 00:05:13]} f6 {[%clk 00:38:26] [%emt 00:13:12]} 22.
gxf6 {[%clk 00:18:57] [%emt 00:07:43]} Qxf6 {[%clk 00:38:53] [%emt 00:00:02]}
23. d5 {[%clk 00:18:38] [%emt 00:00:50]} exd5 {[%clk 00:22:08] [%emt 00:17:16]}
24. Ng4 {[%clk 00:17:43] [%emt 00:01:25]} Qe6 {[%clk 00:22:13] [%emt 00:00:25]}
25. e5 {[%clk 00:17:20] [%emt 00:00:53]} d4+ {[%clk 00:22:41] [%emt 00:00:02]}
26. f3 {[%clk 00:17:27] [%emt 00:00:23]} Rxc1 {[%clk 00:17:49] [%emt 00:05:21]}
27. Rxc1 {[%clk 00:11:04] [%emt 00:06:54]} Rc8 {[%clk 00:17:30] [%emt 00:00:49]}
28. Rg1 {[%clk 00:10:48] [%emt 00:00:45]} Qxa2+ {[%clk 00:08:11] [%emt
00:09:50]} 29. Kh1 {[%clk 00:05:30] [%emt 00:05:47]} Ne6 {[%clk 00:08:40] [%emt
00:00:02]} 30. Nh6+ {[%clk 00:02:13] [%emt 00:03:47]} Kf8 {[%clk 00:08:44] [%emt
00:00:26]} 31. Qg4 {[%clk 00:01:30] [%emt 00:01:13]} Ke7 {[%clk 00:07:46] [%emt
00:01:28]} 32. Qf5 {[%clk 00:00:51] [%emt 00:01:09]} Kd8 {[%clk 00:01:58] [%emt
00:06:19]} 33. Rxg7 {[%clk 00:00:43] [%emt 00:00:37]} Rc1+ {[%clk 00:01:30]
[%emt 00:00:58]} 34. Rg1 {[%clk 00:01:11] [%emt 00:00:02]} Qa1 {[%clk 00:00:33]
[%emt 00:01:27]} 35. Qf6+ {[%clk 00:00:31] [%emt 00:01:09]} Kc7 {[%clk
00:01:02]} 36. Qf7+ {[%clk 00:00:37] [%emt 00:00:24]} Kb8 {[%clk 00:01:19] [%emt
00:00:13]} 37. Qg8+ {[%clk 00:00:59] [%emt 00:00:08]} Bc8 {[%clk 00:01:41] [%emt
00:00:08]} 38. Nf7 {[%clk 00:00:32] [%emt 00:00:56]} Nf4 {[%clk 00:00:35] [%emt
00:01:37]} 39. Bc4 {[%clk 00:00:31] [%emt 00:00:31]} Nh3 {[%clk 00:00:54] [%emt
00:00:11]} 40. Rxc1 {[%clk 00:00:31] [%emt 00:00:30]} Qxc1+ {[%clk 00:01:22]
[%emt 00:00:02]} 0-1

[Site "Europe Echecs"]

[Event "Grand Swiss "]
[Date "2025.09.14"]
[White "Hammer, Jon Ludvig"]
[Black "Santos Latasa, Jaime"]
[WhiteElo "2618"]
[BlackElo "2620"]
[Round "9.9.56"]
[Result "1/2-1/2"]

1. e4 {[%clk 01:40:58]} e6 {[%clk 01:40:55] [%emt 00:00:06]} 2. d4 {[%clk
01:41:16] [%emt 00:00:12]} d5 {[%clk 01:41:21] [%emt 00:00:05]} 3. exd5 {[%clk
01:41:23] [%emt 00:00:23]} exd5 {[%clk 01:41:44] [%emt 00:00:07]} 4. Nf3 {[%clk
01:41:43] [%emt 00:00:09]} Bf5 {[%clk 01:38:41] [%emt 00:03:33]} 5. Nc3 {[%clk
01:11:58] [%emt 00:30:15]} c6 {[%clk 01:32:50] [%emt 00:06:22]} 6. Bd3 {[%clk
01:11:37] [%emt 00:00:51]} Bxd3 {[%clk 01:32:10] [%emt 00:01:11]} 7. Qxd3 {[%clk
01:11:59] [%emt 00:00:08]} Bd6 {[%clk 01:32:29] [%emt 00:00:11]} 8. Bg5 {[%clk
01:07:05] [%emt 00:05:23]} Ne7 {[%clk 01:31:55] [%emt 00:01:04]} 9. O-O {[%clk
00:59:36] [%emt 00:07:59]} O-O {[%clk 01:32:06] [%emt 00:00:18]} 10. Rae1 {[%clk
00:58:38] [%emt 00:01:27]} f6 {[%clk 01:26:38] [%emt 00:06:00]} 11. Bh4 {[%clk
00:58:18] [%emt 00:00:48]} Na6 {[%clk 01:26:55] [%emt 00:00:15]} 12. Bg3 {[%clk
00:51:50] [%emt 00:06:57]} Qd7 {[%clk 01:23:57] [%emt 00:03:28]} 13. Bxd6 {[%clk
00:50:05] [%emt 00:02:16]} Qxd6 {[%clk 01:23:59] [%emt 00:00:28]} 14. a3 {[%clk
00:45:19] [%emt 00:05:16]} Rae8 {[%clk 01:21:25] [%emt 00:03:04]} 15. Re3 {[%clk
00:43:46] [%emt 00:02:03]} Qd7 {[%clk 01:19:35] [%emt 00:02:21]} 16. Rfe1 {[%clk
00:36:39] [%emt 00:07:37]} Nc8 {[%clk 01:18:08] [%emt 00:01:56]} 17. Rxe8 {[%clk
00:32:55] [%emt 00:04:13]} Rxe8 {[%clk 01:18:02] [%emt 00:00:36]} 18. Rxe8+
{[%clk 00:33:19] [%emt 00:00:06]} Qxe8 {[%clk 01:18:28] [%emt 00:00:05]} 19. Nd1
{[%clk 00:33:36] [%emt 00:00:13]} Nd6 {[%clk 01:18:35] [%emt 00:00:23]} 20. Ne3
{[%clk 00:33:57] [%emt 00:00:07]} Nc7 {[%clk 01:18:48] [%emt 00:00:18]} 21. g3
{[%clk 00:28:35] [%emt 00:05:51]} Qe4 {[%clk 01:16:49] [%emt 00:02:29]} 22. Qxe4
{[%clk 00:28:25] [%emt 00:00:41]} Nxe4 {[%clk 01:17:14] [%emt 00:00:05]} 23. Ne1
{[%clk 00:27:39] [%emt 00:01:15]} Kf7 {[%clk 01:17:19] [%emt 00:00:26]} 24. f3
{[%clk 00:26:03] [%emt 00:02:06]} Nd6 {[%clk 01:17:00] [%emt 00:00:49]} 25. Kf2
{[%clk 00:26:01] [%emt 00:00:31]} Nc4 {[%clk 01:15:08] [%emt 00:02:24]} 26. Nd3
{[%clk 00:25:30] [%emt 00:01:00]} Nb5 {[%clk 01:15:00] [%emt 00:00:38]} 27. c3
{[%clk 00:25:24] [%emt 00:00:36]} Nxe3 {[%clk 01:15:26] [%emt 00:00:05]} 28.
Kxe3 {[%clk 00:25:46] [%emt 00:00:07]} Nd6 {[%clk 01:15:53] [%emt 00:00:03]} 29.
b3 {[%clk 00:18:47] [%emt 00:07:29]} Nf5+ {[%clk 01:15:07] [%emt 00:01:16]} 30.
Ke2 {[%clk 00:18:31] [%emt 00:00:45]} Nd6 {[%clk 01:15:29] [%emt 00:00:09]}
1/2-1/2

[Site "Europe Echecs"]